Daniel De Foe, his mind and art / (Record no. 20331)
[ view plain ]
| 000 -LEADER | |
|---|---|
| fixed length control field | 00677nam a2200229 a 4500 |
| 001 - CONTROL NUMBER | |
| control field | 20331 |
| 003 - CONTROL NUMBER IDENTIFIER | |
| rucl marc code | BD-RjUL |
| 005 - DATE AND TIME OF LATEST TRANSACTION | |
| control field | 20211209000542.0 |
| 008 - FIXED-LENGTH DATA ELEMENTS--GENERAL INFORMATION | |
| fixed length control field | 140227s1948 ii b 001 1 eng d |
| 035 ## - SYSTEM CONTROL NUMBER | |
| System control number | (BD-RjUL)20393 |
| 040 ## - CATALOGING SOURCE | |
| Original cataloging agency | TKN |
| Transcribing agency | TKN |
| Modifying agency | m.c |
| -- | BD-RjUL |
| Language of cataloging | eng |
| 041 ## - LANGUAGE CODE | |
| Language code of text/sound track or separate title | eng |
| 082 04 - DEWEY DECIMAL CLASSIFICATION NUMBER | |
| Classification number | 823.5 |
| Author mark and year | SED 1948 |
| 100 1# - MAIN ENTRY--PERSONAL NAME | |
| Personal name | Sen, C. |
| 9 (RLIN) | 62666 |
| 245 10 - TITLE STATEMENT | |
| Title | Daniel De Foe, his mind and art / |
| Statement of responsibility, etc. | Sri C. Sen. |
| 260 ## - PUBLICATION, DISTRIBUTION, ETC. (IMPRINT) | |
| Place of publication, distribution, etc. | Calcutta : |
| Name of publisher, distributor, etc. | University of Calcutta, |
| Date of publication, distribution, etc. | 1948. |
| 300 ## - PHYSICAL DESCRIPTION | |
| Pagination | x, 276 p. ; |
| Size | 22 cm. |
| 504 ## - BIBLIOGRAPHY, ETC. NOTE | |
| Bibliography, etc | Bibliography: p. 263-270 and index. |
| 600 10 - SUBJECT ADDED ENTRY--PERSONAL NAME | |
| Personal name | Defoe, Daniel, |
| Dates associated with a name | 1661?-1731 |
| General subdivision | Criticism and interpretation. |
| 942 ## - ADDED ENTRY ELEMENTS (KOHA) | |
| Source of classification or shelving scheme | Dewey Decimal Classification |
| Koha item type | Books |
| Lost status | Source of classification or shelving scheme | Damaged status | Not for loan | Collection code | Permanent Location | Current Location | Shelving location | Date acquired | Source of acquisition | Cost, normal purchase price | Total Checkouts | Full call number | Date last seen | Copy number | Koha item type |
|---|---|---|---|---|---|---|---|---|---|---|---|---|---|---|---|
| Dewey Decimal Classification | Not For Loan | Fiction | Central Library, University of Rajshahi | Central Library, University of Rajshahi | Reading Room | 09/10/1973 | Furma K L Mukhopadhyay. | 5.00 | 823.5 SED 1948 | 27/02/2014 | C-1 | Books |